01192cam a2200325 a 4500001000800000005001700008008004100025010001400066020001500080020001500095020001800110040001800128082002100146100003100167245010900198260006900307300004300376500002400419500002300443504003100466650004000497650004100537653002000578655002400598700005700622700003000679942002100709999001700730952011900747152507320140130111933.0901105t1991 xxuak frb z001 0 eng d a90023614  a0805321667 a0805321691 a9780805321661 aDLCcDLCdDLC04a005.453222bFIS1 aFischer, Charles N.93499010aCrafting a compiler with C /cCharles N. Fischer, Richard J. LeBlanc, Jr. ; C code by Arnold D. Robbins. aRedwood, United States :bBenjamin / Cummings Pub. Co.,cc.1991. axix, 812 p. :bforms, tables ;c24 cm. aIndex : p. 806-812. aIncludes appendix. aBibliography : p. 799-805. 0aC (Computer program language)93405 0aCompilers (Computer programs)913036 bCScJanuary2014 vreading book9342321 aLeBlanc, Richard J.q(Richard Joseph),d1950-9349911 aRobbins, Arnold D.934992 2ddck005.453 FIS c17996d17968 00102ddc40708BaccahaMAINbMAINcLOWd2014-01-30epurchasel0o005.453 FISp000035543r2025-07-15 00:00:00yBB